Boundaries in dating : (Record no. 592)

MARC details
000 -LEADER
fixed length control field 01003cam a22002894a 4500
005 - DATE AND TIME OF LATEST TRANSACTION
control field 20260322212026.0
008 - FIXED-LENGTH DATA ELEMENTS--GENERAL INFORMATION
fixed length control field data
010 ## - LIBRARY OF CONGRESS CONTROL NUMBER
LC control number 99057936
020 ## - INTERNATIONAL STANDARD BOOK NUMBER
International Standard Book Number 0310200342 (softcover)
020 ## - INTERNATIONAL STANDARD BOOK NUMBER
International Standard Book Number 9780310200345 (softcover)
040 ## - CATALOGING SOURCE
Original cataloging agency DLC
Transcribing agency DLC
Modifying agency DLC
042 ## - AUTHENTICATION CODE
Authentication code pcc
050 00 - LIBRARY OF CONGRESS CALL NUMBER
Classification number HQ801
Item number .C59 2000
082 00 - DEWEY DECIMAL CLASSIFICATION NUMBER
Classification number 646.7/7
Edition information 21
092 ## - LOCALLY ASSIGNED DEWEY CALL NUMBER (OCLC)
Classification number 646.7 C59 2000
001 - CONTROL NUMBER
control field data
100 1# - MAIN ENTRY--PERSONAL NAME
Personal name Cloud, Henry.
245 10 - TITLE STATEMENT
Title Boundaries in dating :
Remainder of title making dating work /
Statement of responsibility, etc. Henry Cloud & John Sims Townsend.
260 ## - PUBLICATION, DISTRIBUTION, ETC.
Place of publication, distribution, etc. Grand Rapids, Mich. :
Name of publisher, distributor, etc. ZondervanPublishingHouse,
Date of publication, distribution, etc. c2000.
300 ## - PHYSICAL DESCRIPTION
Extent 280 p. ;
Dimensions 21 cm.
650 #0 - SUBJECT ADDED ENTRY--TOPICAL TERM
Topical term or geographic name entry element Dating (Social customs)
650 #0 - SUBJECT ADDED ENTRY--TOPICAL TERM
Topical term or geographic name entry element Dating (Social customs)
General subdivision Christianity.
-- Christianity.
650 #0 - SUBJECT ADDED ENTRY--TOPICAL TERM
Topical term or geographic name entry element Single people
General subdivision Conduct of life.
700 1# - ADDED ENTRY--PERSONAL NAME
Personal name Townsend, John Sims,
Dates associated with a name 1952-
856 41 - ELECTRONIC LOCATION AND ACCESS
Materials specified Table of contents only
Uniform Resource Identifier <a href="http://www.loc.gov/catdir/enhancements/fy0633/99057936-t.html">http://www.loc.gov/catdir/enhancements/fy0633/99057936-t.html</a>
856 42 - ELECTRONIC LOCATION AND ACCESS
Materials specified Publisher description
Uniform Resource Identifier <a href="http://www.loc.gov/catdir/enhancements/fy0633/99057936-d.html">http://www.loc.gov/catdir/enhancements/fy0633/99057936-d.html</a>
Holdings
Withdrawn status Lost status Damaged status Not for loan Home library Current library Shelving location Date acquired Total checkouts Full call number Barcode Date last seen Price effective from Koha item type
        Springfield Springfield General stacks 22/03/2026   646.7/7 21 BC0010607 22/03/2026 22/03/2026 Books